|
|
|
|
| LEADER |
01874nam a2200349 i 4500 |
| 001 |
41489 |
| 003 |
BD-DhAAL |
| 005 |
20230718111321.0 |
| 008 |
230718t2017 enka b 001 0 eng d |
| 010 |
|
|
|a 2016043374
|
| 020 |
|
|
|a 9781108464239
|
| 020 |
|
|
|a 9781107124356
|
| 020 |
|
|
|a 1107124352
|
| 040 |
|
|
|a OU/DLC
|b eng
|e rda
|c OU
|d DLC
|d BD-DhAAL
|
| 042 |
|
|
|a pcc
|
| 050 |
0 |
0 |
|a QC174.26.W3
|b G36 2017
|
| 082 |
|
|
|a 530.124
|2 23
|
| 100 |
1 |
|
|a Gao, Shan,
|d 1971-
|e author.
|9 55114
|
| 245 |
1 |
4 |
|a The meaning of the wave function :
|b in search of the ontology of quantum mechanics /
|c Shan Gao, Shanxi University.
|
| 264 |
|
1 |
|a Cambridge, United Kingdom ;
|a New York, NY, USA :
|b Cambridge University Press,
|c 2017.
|
| 300 |
|
|
|a x, 189 pages :
|b illustrations ;
|c 26 cm.
|
| 504 |
|
|
|a Includes bibliographical references and index.
|
| 505 |
0 |
|
|a Quantum mechanics and experience -- The wave function: ontic vs epistemic -- The nomological view -- Reality of the wave function -- Origin of the Schrödinger equation -- The ontology of quantum mechanics (I) -- The ontology of quantum mechanics (II) -- Implications for solving the measurement problem -- Quantum ontology and relativity.
|
| 526 |
|
|
|a CSE
|
| 541 |
|
|
|a Book Finder International
|e 41489, 41490
|
| 650 |
|
0 |
|a Wave functions.
|9 39132
|
| 650 |
|
0 |
|a Quantum theory
|x Philosophy.
|9 40844
|
| 852 |
|
|
|a Ayesha Abed Library
|c General Stacks
|
| 942 |
|
|
|2 ddc
|c BK
|
| 999 |
|
|
|c 45716
|d 45716
|
| 952 |
|
|
|0 0
|1 0
|2 ddc
|4 0
|6 530_124000000000000_GAO
|7 0
|9 73921
|a BRACUL
|b BRACUL
|c GEN
|d 2023-07-12
|e Book Finder International
|g 3335.49
|l 2
|m 6
|o 530.124 GAO
|p 3010041489
|q 2026-05-18
|r 2026-05-05
|s 2026-05-05
|t 1
|v 3335.49
|w 2023-07-12
|y BK
|
| 952 |
|
|
|0 0
|1 0
|2 ddc
|4 0
|6 530_124000000000000_GAO
|7 0
|9 73922
|a BRACUL
|b BRACUL
|c GEN
|d 2023-07-12
|e Book Finder International
|g 3335.49
|l 1
|m 10
|o 530.124 GAO
|p 3010041490
|r 2024-10-02
|s 2024-06-09
|t 2
|v 3335.49
|w 2023-07-12
|y BK
|